000 01681cam a22003614a 4500
090 _c0
001 14285190
005 20060929122608.0
008 060303s2006 nyua bf 001 0 eng
010 _a2006043833
020 _a0071466363 (acidfree paper)
020 _a9780071466363 (acidfree paper)
035 _a(OCoLC)ocm64592259
040 _aDLC
_cDLC
_dBAKER
_dC#P
_dDLC
042 _apcc
050 0 0 _aTJ230
_b.M433 2006
082 0 0 _a621.815
_222
_bMEC
245 0 0 _aMechanical Design Handbook :
_bMeasurement, Analysis, and Control of Dynamic Systems /
_cHarold A. Rothbart, editor, Thomas H. Brown, Jr., editor.
250 _a2nd ed.
260 _aNew York :
_bMcGraw-Hill,
_cc2006.
300 _a1 v. (various pagings) :
_bill. ;
_c24 cm.
490 0 _aMcGraw-Hill handbooks
504 _aIncludes bibliographical references and index.
650 0 _aMachine design
_vHandbooks, manuals, etc.
700 1 _aRothbart, Harold A.
700 1 _aBrown, Thomas H.,
_cJr.
856 4 2 _3Contributor biographical information
_uhttp://www.loc.gov/catdir/enhancements/fy0668/2006043833-b.html
856 4 2 _3Publisher description
_uhttp://www.loc.gov/catdir/enhancements/fy0668/2006043833-d.html
856 4 1 _3Table of contents only
_uhttp://www.loc.gov/catdir/enhancements/fy0668/2006043833-t.html
942 _2ddc
_cREFERENCE
999 _c10676
_d10676